000
00235nam a2200097Ia 4500
008
240625s9999 xx 000 0 und d
041
_a
eng
082
_a
808.20 PAN
100
_a
PANDEY ABHISHEK KUMAR
245
_a
COMPETENCY BASED TRAINING
999
_c
36287
_d
36287